02389nam a2200277uu 4500001000800000005001700008008004100025020001500066035001200081040001300093041000800106082000800114100002500122245014400147260003700291300001800328336009100346505090500437520057201342650001901914650002101933650003301954650003301987700003302020700005802053153300920260508093634.0190828s1996 spa  a9701010094 a1533009 ccomduadb aspa 4a65810aRapp, Stan4auteaut13aEl nuevo maximarketing : guía para transformar la publicidad, promoción y estrategia de mercados para la economía de la información aMéxico :bMc Graw Hill,c1996. a352 páginas atextobtxt0(uri)http://www.rdaregistry.info/termList/RDAContentType/#10202rdacontent aCONTENIDO : Problemas y retos del mercado de hoy. -- Esencia de la solución de maximarketing. -- Maximización de la selección de los objetivos : cómo encontrar a sus mejores prospectos y clientes. -- Maximización de la exploración de los medios : el nuevo desconcierto de los ricos. -- Maximización de la confiabilidad : la búsqueda de una publicidad realmente confiable. -- Maximización del impacto publicitario : cómo llamar la atención de todo el cerebro para crear una marca. -- Maximización de los resultados de las promociones : cómo encontrar un modo mejor en la edad de la información. -- Maximización de la participación de los prospectos : cómo crear un puente entre la publicidad y la venta. -- Maximización del cultivo de los clientes : cómo emplear su base de datos para crear relaciones duraderas y rentables. -- Maximarketing de hoy y mañana.3 a"La única forma en que los mercadólogos podemos desarrollarnos y crecer en nuestra profesión es estando al día y este libro representa no sólo un clásico en esta "nueva" mercadotecnia del siglo XXI. Nos plantea conceptos revolucionarios que deben ser puestos en práctica y que sin duda nos darán beneficios inimaginables. El libro es apasionante, las ideas y conceptos aquí planteados nos recuerdan en muchos pasajes a la necesidad de utilizar el "sentido común". Es curioso que al regresar a lo básico, el futuro se nos presenta más claro".  7aMercadeo2lemb 7aPublicidad2lemb aAdministración de mercadeo 7aAnálisis de mercadeo2lemb10aCollins, Thomas L.4auteaut10aHaas Garcia, Roberto Andres4trl0(viaf)41638165etrl